000 00467nam a2200193Ia 4500
003 OSt
005 20240913121047.0
008 240126s9999 xx 000 0 und d
020 _a9789384668297
040 _c0
041 _aEnglish
082 _a343 CHA;1 R
100 _aChakraborty, R.
245 0 _aLawmann's law relating to public interest litigation
260 _bKamal Pub.
_aNew Delhi
300 _axxiv, 317
440 _aNULL
942 _cLL
_2ddc
999 _c284741
_d284741